000 00515nam a2200205Ia 4500
003 OSt
005 20230506110940.0
008 210327s9999||||xx |||||||||||||| ||und||
040 _cSTCPL
041 _aENG
082 _a332.4
_bALV-M
100 _aHansen, Alvin H.
245 0 _aMonetary theory and fical policy /
_cby Alvin H. Hansen
260 _aLondon :
_bMc Graw-Hillbook Co. inc ,
_c1949.
300 _a236 p.
_bPB
650 _aFinancial Economics
650 _a Money
942 _cBK
942 _2ddc
999 _c14631
_d14631